[Event "CRO-Cup"]
[Site "Pula"]
[Date "1990.??.??"]
[Round "?"]
[White "Zakic, Srdjan"]
[Black "Dizdarevic, Emir"]
[Result "0-1"]
[WhiteElo "2355"]
[BlackElo "2475"]

1.e4 c5 2.Nf3 e6 3.d4 cxd4 4.Nxd4 a6 5.Bd3 Nf6 6.O-O d6 7.c4 Bd7 8.Qe2 Nc6
9.Nxc6 Bxc6 10.b3 Be7 11.Nc3 O-O 12.Bb2 Qa5 13.Rad1 Rfe8 14.a3 Rac8 15.b4 Qh5
16.f3 Bd8 17.Qf2 Nd7 18.g4 Qh3 19.Qg3 Qxg3+ 20.hxg3 Nb6 21.Be2 Be7 22.Rd4 Red8
23.Rfd1 Be8 24.f4 Bf6 25.Rxd6 Rxd6 26.Rxd6 Nxc4 27.Bxc4 Rxc4 28.e5 Be7 29.Rd2 h6
30.Ne2 Bc6 31.Nd4 Bd5 32.Kf2 a5 33.bxa5 Bc5 34.Ke3 Ra4 35.Rc2 Rxa5 36.Rc3 b6
37.Kd3 Ra4 38.Nb5 Bf3 39.Nd6 Bxg4 40.Rb3 Bd1 41.Rb5 Bf3 42.Nc8 Bb7 43.Rxb6 Ba6+  0-1

[Event "Pula op"]
[Site "Pula"]
[Date "1990.??.??"]
[Round "7"]
[White "Kutuzovic, Branko"]
[Black "Mencinger, Vojko"]
[Result "1-0"]
[WhiteElo "2375"]
[BlackElo "2380"]

1.e4 c5 2.Nf3 e6 3.d4 cxd4 4.Nxd4 a6 5.Bd3 Nf6 6.O-O d6 7.c4 Bd7 8.Nc3 Nc6
9.Nxc6 Bxc6 10.Qe2 g6 11.Bg5 h6 12.Bh4 Be7 13.Rad1 Nh5 14.Bxe7 Qxe7 15.Qe3 e5
16.b4 Nf4 17.a4 a5 18.b5 Bd7 19.g3 Ne6 20.Kh1 h5 21.Nd5 Qd8 22.f4 exf4 23.gxf4 O-O
24.f5 gxf5 25.Rg1+ Kh7 26.exf5 Ng7 27.Rxg7+ Kxg7  1-0

[Event "Pula op"]
[Site "Pula"]
[Date "1990.??.??"]
[Round "8"]
[White "Kengis, Edvins"]
[Black "Kovacevic, Slobodan"]
[Result "1-0"]
[WhiteElo "2500"]
[BlackElo "2360"]

1.e4 c5 2.Nf3 e6 3.d4 cxd4 4.Nxd4 a6 5.Bd3 Nf6 6.O-O d6 7.c4 Nbd7 8.Nc3 Be7
9.Kh1 O-O 10.f4 Re8 11.Bc2 Qc7 12.Qe2 g6 13.Bd2 e5 14.Nb3 exf4 15.Rxf4 Ne5
16.Rxf6 Bxf6 17.Nd5 Qd8 18.Ba5 Bg4 19.Qf1 Bg7 20.Bxd8 Raxd8 21.Nd2 Rc8 22.Bb3 Bd7
23.Nf6+ Bxf6 24.Qxf6 Be6 25.h3 Rc5 26.Rd1 Rec8 27.Nf3 Nd7 28.Qe7 Rxc4 29.Bxc4 Rxc4
30.Rxd6  1-0

[Event "DEN-ch"]
[Site "Randers"]
[Date "1990.??.??"]
[Round "?"]
[White "Nielsen, Uffe V"]
[Black "Sogaard, Soren"]
[Result "1-0"]
[WhiteElo "2285"]
[BlackElo "2340"]

1.e4 c5 2.Nf3 e6 3.d4 cxd4 4.Nxd4 a6 5.Bd3 Qc7 6.O-O d6 7.c4 b6 8.b3 Bb7
9.Bb2 Nf6 10.Nc3 Nbd7 11.Qe2 Rc8 12.f4 Qc5 13.Kh1 Qh5 14.Nf3 Ng4 15.Rae1 Be7
16.Nd5 Bf8 17.h3 Ngf6 18.e5 dxe5 19.fxe5 Nxd5 20.cxd5 Bxd5 21.Bxa6 Rd8 22.Rd1 Be7
23.Rxd5 exd5 24.e6 Nf6 25.Qb5+ Kf8 26.Ne5 fxe6 27.Qxb6 Rd6 28.Qb7 Qe8 29.Bc3 Rd7
30.Nxd7+ Kf7 31.Bb5  1-0

[Event "Reykjavik op"]
[Site "Reykjavik"]
[Date "1990.??.??"]
[Round "8"]
[White "Stefansson, Hannes"]
[Black "Olafsson, David"]
[Result "1-0"]
[WhiteElo "2420"]
[BlackElo "2260"]

1.e4 c5 2.Nf3 e6 3.d4 cxd4 4.Nxd4 a6 5.Bd3 Qc7 6.O-O Nc6 7.Nxc6 bxc6 8.c4 Nf6
9.Qe2 d6 10.Nc3 Be7 11.f4 Nd7 12.Kh1 O-O 13.Bd2 Rb8 14.b3 Bf6 15.e5 dxe5
16.Ne4 Be7 17.fxe5 Qxe5 18.Bf4 Qa5 19.Bxb8 Nxb8 20.c5 Nd7 21.a3 Qc7 22.b4 a5
23.Rad1 h6 24.Nd6 Nf6 25.Qf2 Bd7 26.Bc2 axb4 27.axb4 Rb8 28.Qf4 Bxd6 29.Rxd6 Be8
30.Rb1 Nd5 31.Qd4 Qa7 32.Be4 Qa2 33.h3 Kf8 34.Kh2 Qe2 35.Rb3 Qe1 36.Bxd5 exd5
37.Rg3 Rxb4 38.Qxg7+ Ke7 39.Qf6+ Kf8 40.Rd8  1-0

[Event "ARG-ch"]
[Site "San Luis"]
[Date "1990.??.??"]
[Round "8"]
[White "Bronstein, Luis"]
[Black "Ricardi, Pablo"]
[Result "0-1"]
[WhiteElo "2390"]
[BlackElo "2380"]

1.Nf3 c5 2.e4 e6 3.d4 cxd4 4.Nxd4 a6 5.Bd3 Nf6 6.O-O d6 7.c4 Be7 8.Nc3 O-O
9.Kh1 Nc6 10.Nxc6 bxc6 11.f4 e5 12.c5 dxc5 13.Qf3 Rb8 14.f5 Ne8 15.b3 Nd6
16.Qg3 Rb4 17.Bh6 Ne8 18.Bc4 Kh8 19.Rad1 Bd6 20.Bg5 f6 21.Bc1 Qa5 22.Rd3 Rxc4
23.bxc4 Qb4 24.Rfd1 Qxc4 25.Be3 Be7 26.Bg1 a5 27.Qf3 Nc7 28.Qh5 Nb5 29.Rh3 Qg8
30.Nxb5 cxb5 31.Rd5 g6 32.Qf3 gxf5 33.exf5 Bb7 34.Rg3 Qxd5  0-1

[Event "Wch U20"]
[Site "Santiago"]
[Date "1990.??.??"]
[Round "6"]
[White "Ulibin, Mikhail"]
[Black "Gurevich, Ilya"]
[Result "0-1"]
[WhiteElo "2500"]
[BlackElo "2410"]

1.e4 c5 2.Nf3 e6 3.d4 cxd4 4.Nxd4 a6 5.Bd3 Nf6 6.O-O Qc7 7.Qe2 Bc5 8.Nb3 Ba7
9.e5 Nd5 10.c4 Nb4 11.Bf4 Nxd3 12.Qxd3 f6 13.Qf3 fxe5 14.Qh5+ g6 15.Qxe5 Qxe5
16.Bxe5 O-O 17.N1d2 b5 18.c5 Bb7 19.Bd6 Rf7 20.a4 b4 21.Na5 Bd5 22.Nac4 Nc6
23.Nb6 Rd8 24.Nxd5 exd5 25.Nb3 Re8 26.Rfe1 Re6 27.Rxe6 dxe6 28.Re1 Rf6 29.f4 Kf7
30.g4 h6 31.Kg2 Ke8 32.h4 Kd7 33.g5 hxg5 34.hxg5 Rf7 35.Rh1 Bb8 36.Bxb8 Nxb8
37.Kg3 Nc6 38.Rh6 Ne7 39.Nd4 Rf8 40.Rh7 Rc8 41.Nb3 e5 42.fxe5 Ke6 43.Nd4+ Kxe5
44.Rxe7+ Kxd4 45.Re6 Kc4 46.Rxg6 Kb3 47.Rxa6 Kxb2 48.Kf4 Kc3 49.Rh6 d4 50.g6 b3
51.g7 Rg8 52.Rg6 b2 53.Rg1 Rxg7 54.Rxg7 b1=Q 55.c6 d3 56.c7 Qb7 57.Rf7 d2
58.Ke5 Qc8  0-1

[Event "UKR-ch"]
[Site "Simferopol"]
[Date "1990.??.??"]
[Round "?"]
[White "Kruppa, Yuri"]
[Black "Kushch, Nikolai"]
[Result "1-0"]
[WhiteElo "2405"]
[BlackElo "2300"]

1.e4 c5 2.Nf3 e6 3.d4 cxd4 4.Nxd4 a6 5.Bd3 Nf6 6.O-O Qc7 7.Re1 d6 8.c4 Nbd7
9.Nc3 g6 10.Bg5 Bg7 11.Bf1 h6 12.Be3 O-O 13.f3 Ne5 14.Rc1 Bd7 15.Qd2 Kh7
16.b3 Rac8 17.Red1 Rfe8 18.Nde2 Bf8 19.Bd4 g5 20.h4 gxh4 21.Qf4 Be7 22.Qxh4 Rg8
23.Qf2 Rg7 24.Nf4 Rcg8 25.Nce2 Qb8 26.Kh1 Bc6 27.Qe3 Nfd7 28.Nh3 b5 29.cxb5 Bxb5
30.Rc2 Nc5 31.Nef4 Bxf1 32.Rxf1 Qb5 33.Rd1 Ncd7 34.Bb2 Nf6 35.Bc1 Rb8 36.Rc7 Ned7
37.Bb2 Bd8 38.Rc2 Be7 39.Ba3 Ne8 40.Ne2 Bf8 41.Nd4 Qb6 42.Bc1 Rg8 43.Qe2 Qb7
44.Be3 Ne5 45.Rdc1 Ng6 46.Nc6 Ra8 47.Bd4 Qd7 48.Bb2 Ng7 49.Qe3 f5 50.Nd4 e5
51.exf5 Nxf5 52.Qd3 Nfe7 53.Rc7 Qe8 54.Nf5 Qf7 55.Nxd6 Qe6 56.Ne4 Kh8 57.Nc5 Qd5
58.Re1 Rd8 59.Qc4 Qxc4 60.bxc4 Rd2 61.Rb7 Nf5 62.Ne4 Rc2 63.Rc1 Rxc1+ 64.Bxc1 Be7
65.Ra7 Rc8 66.Rxa6 Kg7 67.Ra4 Kf7 68.Nhf2 Rc6 69.Nd3 h5 70.Kg1  1-0

[Event "Wch U18"]
[Site "Singapore"]
[Date "1990.??.??"]
[Round "?"]
[White "Tong Yuanming"]
[Black "Gurevich, Ilya"]
[Result "1-0"]
[WhiteElo "2360"]
[BlackElo "2410"]

1.e4 c5 2.Nf3 e6 3.d4 cxd4 4.Nxd4 a6 5.Bd3 Nf6 6.O-O Qc7 7.Qe2 Bc5 8.Nb3 Be7
9.e5 Nd5 10.c4 Nb4 11.Bf4 Nxd3 12.Qxd3 Nc6 13.Nc3 g5 14.Bg3 h5 15.h3 h4 16.Bh2 Nxe5
17.Qe2 f6 18.c5 b6 19.cxb6 Qxb6 20.Bxe5 fxe5 21.Qxe5 Rf8 22.Rad1 Bb7 23.Ne4 Qb5
24.Nbc5 Bxe4 25.Qxe4 Ra7 26.b4 Bxc5 27.Qg6+ Rf7 28.bxc5 Qxc5 29.Rc1 Qa5 30.Qg8+ Ke7
31.Qb8  1-0

[Event "Tarrassa"]
[Site "Tarrassa"]
[Date "1990.??.??"]
[Round "2"]
[White "Magem Badals, Jorge"]
[Black "Cramling, Pia"]
[Result "1/2-1/2"]
[WhiteElo "2460"]
[BlackElo "2470"]

1.e4 c5 2.Nf3 e6 3.d4 cxd4 4.Nxd4 a6 5.Bd3 Nf6 6.O-O Qc7 7.Qe2 d6 8.c4 Be7
9.b3 O-O 10.Bb2 Nbd7 11.Nd2 g6 12.f4 e5 13.Nc2 exf4 14.Rxf4 Ne5 15.Ne3 Be6
16.Kh1 Nh5 17.Rff1 Bg5 18.g3 Qc5 19.Rae1 Nf6 20.Nf3 Bxe3 21.Nxe5 Bd4 22.Bxd4 Qxd4
23.Nf3 Qc5 24.e5 Ng4 25.exd6 Bd7 26.Be4 Rae8 27.Qd2 b5 28.Qd4 Qxd4 29.Nxd4 bxc4
30.bxc4 Re5 31.Bd5 Ne3 32.Nc2 Rxd5 33.Nxe3 Rxd6 34.Rd1 Bc6+ 35.Kg1 Rfd8 36.Kf2 Rd2+
37.Ke1 Rxd1+ 38.Nxd1 Rd4 39.Rf4  1/2-1/2

[Event "Tel Aviv"]
[Site "Tel Aviv"]
[Date "1990.??.??"]
[Round "?"]
[White "Kagan, Shimon"]
[Black "Cramling, Pia"]
[Result "0-1"]
[WhiteElo "2390"]
[BlackElo "2505"]

1.e4 c5 2.Nf3 e6 3.d4 cxd4 4.Nxd4 a6 5.Bd3 Nf6 6.O-O Qc7 7.Re1 d6 8.c4 g6
9.Nc3 Bg7 10.Bf1 O-O 11.Bg5 h6 12.Be3 Nbd7 13.f3 Re8 14.Qd2 Kh7 15.Rac1 b6
16.Qf2 Bb7 17.b4 Rac8 18.Nb3 Rb8 19.Red1 Bf8 20.Qh4 Ng8 21.Qg3 Rbc8 22.Qf2 Rb8
23.Na4 Bc6 24.b5 Ba8 25.bxa6 Nc5 26.Nbxc5 bxc5 27.Nc3 Rbd8 28.Nb5 Qc6 29.Bd3 Nf6
30.Qh4 Nd7 31.Bg5 Rb8 32.a7 Rb6 33.Bf4 Rb7 34.Bf1 Ne5 35.Qg3 f6 36.Rc2 Rd7
37.Bxe5 fxe5 38.Rcd2  0-1

[Event "Tuzla"]
[Site "Tuzla"]
[Date "1990.??.??"]
[Round "3"]
[White "Kaminski, Marcin"]
[Black "Palos, Osman"]
[Result "0-1"]
[WhiteElo "2315"]
[BlackElo "2370"]

1.e4 c5 2.Nf3 e6 3.d4 cxd4 4.Nxd4 a6 5.Bd3 Qc7 6.O-O Nf6 7.Qe2 Bd6 8.h3 Nc6
9.Nxc6 dxc6 10.f4 e5 11.f5 Bc5+ 12.Kh1 h5 13.Be3 Qb6 14.Bxc5 Qxc5 15.g3 b5
16.Nd2 Bb7 17.c4 Nd7 18.a3 b4 19.Rfc1 Qe7 20.Nb3 a5 21.axb4 Qxb4 22.Ra3 a4
23.Rca1 Ke7 24.Nc1 Rhd8 25.Na2 Qd6 26.Rd1 Nc5 27.Bc2 Qh6 28.Nc3 Rxd1+ 29.Nxd1 Qc1
30.Rc3 a3 31.bxa3 Rd8 32.Bd3 Qa1 33.Kh2 Rd4 34.h4 Ba6 35.Kh3 Nxd3 36.Rxd3 Bxc4  0-1

[Event "Val Maubuee op"]
[Site "Val Maubuee"]
[Date "1990.??.??"]
[Round "?"]
[White "Gouret, Thierry"]
[Black "Plachetka, Jan"]
[Result "0-1"]
[WhiteElo "2250"]
[BlackElo "2425"]

1.e4 c5 2.Nf3 e6 3.d4 cxd4 4.Nxd4 a6 5.Bd3 Nf6 6.O-O d6 7.c4 g6 8.b3 Bg7
9.Bb2 O-O 10.Nc3 b6 11.Qd2 Bb7 12.Rae1 Nbd7 13.f4 Nc5 14.Bb1 e5 15.Nf3 Bh6
16.g3 exf4 17.gxf4 Nh5 18.Nd4 Bxf4 19.Qc2 Qg5+ 20.Kh1 Qh4 21.Nf3 Qh3 22.Nd5 Bxd5
23.exd5 Ng3+ 24.Kg1 Nxf1 25.Qc3 Bxh2+ 26.Kf2 f6 27.Rxf1 Qg3+  0-1

[Event "Washington op"]
[Site "Washington"]
[Date "1990.??.??"]
[Round "?"]
[White "Friedman, Aviv"]
[Black "Meyer, E."]
[Result "0-1"]
[WhiteElo "2350"]
[BlackElo "2500"]

1.e4 c5 2.Nf3 e6 3.d4 cxd4 4.Nxd4 a6 5.Bd3 Nf6 6.O-O d6 7.Qe2 Qc7 8.c4 g6
9.b3 Bg7 10.Bb2 O-O 11.Nc3 Nbd7 12.Rad1 b6 13.Kh1 Bb7 14.f4 Rfe8 15.Bb1 Rad8
16.Qf2 Qc5 17.f5 exf5 18.Na4 Qc7 19.exf5 Nc5 20.Qh4 Nxa4 21.bxa4 Ne4 22.f6 Bf8
23.Bc1 Re5 24.Nf5 Rxf5 25.Rxf5 gxf5 26.Bh6 Kh8 27.c5 Bxh6 28.Qxh6 Rg8  0-1

[Event "Wuppertal (Women)"]
[Site "Wuppertal"]
[Date "1990.??.??"]
[Round "6"]
[White "Heintze, Marion"]
[Black "Veroci, Zsuzsa"]
[Result "1/2-1/2"]
[WhiteElo "2180"]
[BlackElo "2315"]

1.e4 c5 2.Nf3 e6 3.d4 cxd4 4.Nxd4 a6 5.Bd3 Nf6 6.O-O Qc7 7.Qe2 Bc5 8.Nb3 Ba7
9.Nc3 d6 10.Kh1 Nc6 11.f4 O-O 12.Bd2 b5 13.Rae1 b4 14.Nd1 e5 15.Ne3 Bxe3  1/2-1/2

[Event "Acasusso op"]
[Site "Acasusso"]
[Date "1991.??.??"]
[Round "5"]
[White "Juarez, Alberto"]
[Black "Madina, Martin"]
[Result "0-1"]
[WhiteElo "2245"]
[BlackElo "2285"]

1.e4 c5 2.Nf3 e6 3.d4 cxd4 4.Nxd4 a6 5.Bd3 Nf6 6.O-O d6 7.Nc3 Nbd7 8.Kh1 Nc5
9.f4 Nxd3 10.cxd3 Be7 11.f5 e5 12.Nc2 d5 13.Bg5 dxe4 14.Bxf6 Bxf6 15.dxe4 Qxd1
16.Raxd1 Bd7 17.Nb4 Bd8 18.Rf3 Ba5 19.Nbd5 Bd8 20.Rfd3 Bc6 21.Nb4 Be7 22.Nxc6 bxc6
23.Na4 h5 24.g3 Rb8 25.a3 Rh6 26.Kg2 Rb5 27.R1d2 g6 28.f6 Bxf6 29.Rd6 Bg5
30.Rc2 f5 31.Rcxc6 fxe4 32.Rxa6 Bc1 33.Rab6 Ra5 34.Nc3  0-1

[Event "ARG-ch"]
[Site "?"]
[Date "1991.??.??"]
[Round "3"]
[White "Servat, Roberto"]
[Black "Quinteros, Miguel A"]
[Result "1/2-1/2"]
[WhiteElo "2395"]
[BlackElo "2505"]

1.e4 c5 2.Nf3 e6 3.d4 cxd4 4.Nxd4 a6 5.Bd3 g6 6.c4 Bg7 7.Be3 Nf6 8.Nc3 d6
9.O-O O-O 10.Re1 Nbd7 11.Bf1 Qc7 12.Rc1 b6 13.f3 Bb7 14.Qd2 Rfe8 15.Kh1 Rad8
16.b4 Qb8 17.Nb3 Bf8 18.a3 Rc8 19.Red1 Ba8 20.Qf2 Be7 21.Qd2 Bf8 22.Bf2 Ne5
23.Na4 Nfd7 24.Nb2 Nf6 25.Na4  1/2-1/2

[Event "AUT-ch"]
[Site "?"]
[Date "1991.??.??"]
[Round "?"]
[White "Schroll, Gerhard"]
[Black "Schlosser, Michael"]
[Result "1-0"]
[WhiteElo "2370"]
[BlackElo "2380"]

1.e4 c5 2.Nf3 e6 3.d4 cxd4 4.Nxd4 a6 5.Bd3 Nf6 6.c4 Nc6 7.Be3 Qc7 8.Nc3 Ne5
9.h3 Nxc4 10.Bxc4 Qxc4 11.Rc1 Qb4 12.O-O d6 13.a3 Qa5 14.b4 Qh5 15.Qxh5 Nxh5
16.Na4 Kd8 17.Nf3 Bd7 18.Nb6 Rb8 19.Ng5 Be8 20.e5 h6 21.exd6 Nf6 22.Nf3 Nd5
23.Nxd5 exd5 24.Bb6+ Kd7 25.Ne5+ Ke6 26.Rfe1 Bxd6 27.Nc4+  1-0

[Event "Bad Lauterberg"]
[Site "Bad Lauterberg"]
[Date "1991.??.??"]
[Round "3"]
[White "Luther, Thomas"]
[Black "Soffer, Ram"]
[Result "1/2-1/2"]
[WhiteElo "2495"]
[BlackElo "2450"]

1.e4 c5 2.Nf3 e6 3.d4 cxd4 4.Nxd4 a6 5.Bd3 Nf6 6.O-O Qc7 7.Qe2 d6 8.c4 g6
9.Nc3 Bg7 10.Rd1 O-O 11.Nf3 Nbd7 12.Bf4 Ng4 13.Rac1 Re8 14.Bb1 Nge5 15.b3 b6
16.Ne1 Bb7 17.Be3 Nf6 18.f3 Rab8 19.Nd3 Ned7 20.Nf2 Rbc8 21.Qd2 Bf8 22.Bf4 Ne5
23.Bg5 Ned7 24.Bf4 Ne5 25.Bg5 Ned7  1/2-1/2

[Event "Beijing op"]
[Site "Beijing"]
[Date "1991.??.??"]
[Round "8"]
[White "Zhao Lan"]
[Black "Qian Jifu"]
[Result "1-0"]
[WhiteElo "2160"]
[BlackElo "2220"]

1.e4 c5 2.Nf3 e6 3.d4 cxd4 4.Nxd4 a6 5.Bd3 Nc6 6.Be3 Nf6 7.O-O Qc7 8.Nc3 Bd6
9.h3 Be5 10.Nde2 d5 11.exd5 exd5 12.Bg5 d4 13.f4 Bd6 14.Bxf6 gxf6 15.Nd5 Qd8
16.Qe1 Be6 17.c4 Be7 18.Nxe7 Qxe7 19.Ng3 O-O-O 20.f5 Bd7 21.Qxe7 Nxe7 22.Nh5 Nc6
23.Nxf6 Ne5 24.Be4 Bc6 25.Bxc6 bxc6 26.c5 d3 27.b3 h5 28.Rae1 Nd7 29.Ne4 Kc7
30.Nd6 d2 31.Rd1 Rhf8 32.b4 a5 33.a3 axb4 34.axb4 Rb8 35.Rf4 Nf6 36.Rxd2 Nd5
37.Re4 Kd7 38.Ra2 f6 39.Ra7+  1-0

[Event "Belgrade-C"]
[Site "Belgrade"]
[Date "1991.??.??"]
[Round "6"]
[White "Marinkovic, Slavisa"]
[Black "Averkin, Orest N"]
[Result "1/2-1/2"]
[WhiteElo "2335"]
[BlackElo "2470"]

1.e4 c5 2.Nf3 e6 3.d4 cxd4 4.Nxd4 a6 5.Bd3 Bc5 6.Nb3 Ba7 7.Qe2 Nc6 8.Be3 Nf6
9.Nc3 d6 10.O-O-O Bxe3+ 11.Qxe3 O-O 12.Rhg1 b5 13.g4 b4 14.Na4 Rb8 15.g5 Ne8
16.e5 Nxe5 17.Qxe5 dxe5 18.Bxh7+ Kxh7 19.Rxd8 Kg8 20.Na5 Nc7 21.Rgd1 Nd5
22.Rxf8+ Kxf8 23.Nc6 Rb7 24.Nxe5 Rc7 25.Rd4 f6 26.gxf6 gxf6 27.Nd3 a5 28.Rh4 Kg7
29.Nac5 e5 30.Kd2 Bf5  1/2-1/2

[Event "Kreuzberg"]
[Site "Berlin"]
[Date "1991.??.??"]
[Round "7"]
[White "Pedzich, Dominik"]
[Black "Mattick, Lutz"]
[Result "1-0"]
[WhiteElo "2400"]
[BlackElo "2220"]

1.e4 c5 2.Nf3 e6 3.d4 cxd4 4.Nxd4 a6 5.Bd3 Nf6 6.O-O Qc7 7.Qe2 d6 8.c4 g6
9.b3 Bg7 10.Bb2 O-O 11.Nd2 Nbd7 12.f4 e5 13.fxe5 dxe5 14.N4f3 Nh5 15.Bc2 Nf4
16.Qe3 Rd8 17.Rad1 Bf8 18.Kh1 f6 19.Nb1 b5 20.Nc3 bxc4 21.g3 Bc5 22.Qd2 Ne6
23.Nd5 Qa7 24.b4 Bf8 25.Ba4 Kg7 26.Bxd7 Rxd7 27.Nxe5 Rxd5 28.Qxd5 Bb7 29.Qd7+ Kh6
30.Ng4+ Kg5 31.Rxf6  1-0

[Event "POL-chB"]
[Site "Bielsko-Biala"]
[Date "1991.??.??"]
[Round "5"]
[White "Zyla, Janusz"]
[Black "Jaracz, Pawel"]
[Result "1-0"]
[WhiteElo "2240"]
[BlackElo "2300"]

1.e4 c5 2.Nf3 e6 3.d4 cxd4 4.Nxd4 a6 5.Bd3 Nf6 6.O-O Qc7 7.Kh1 d6 8.Nc3 g6
9.f4 Bg7 10.f5 O-O 11.Bg5 Qb6 12.Nb3 h6 13.Bxf6 Bxf6 14.fxg6 fxg6 15.e5 Bxe5
16.Qg4 g5 17.Qh5 Qc7 18.Rxf8+ Kxf8 19.Rf1+ Bf4 20.g3 b5 21.Be4 d5 22.gxf4 gxf4
23.Qxh6+ Ke7 24.Bxd5  1-0

[Event "POL-chB"]
[Site "Bielsko-Biala"]
[Date "1991.??.??"]
[Round "8"]
[White "Ciemniak, Robert"]
[Black "Jaracz, Pawel"]
[Result "0-1"]
[WhiteElo "2230"]
[BlackElo "2300"]

1.e4 c5 2.Nf3 e6 3.d4 cxd4 4.Nxd4 a6 5.Bd3 Nc6 6.Nxc6 dxc6 7.O-O e5 8.Nd2 Nf6
9.Nc4 Bg4 10.Qe1 Nd7 11.Qc3 Qc7 12.f4 Bc5+ 13.Kh1 Bd4 14.Qe1 O-O-O 15.Be3 b5
16.Nxe5 Nxe5 17.fxe5 Bxb2 18.Rb1 Bxe5 19.a4 Be6 20.Qf2 Bxh2 21.axb5 cxb5
22.Ra1 Qd6 23.Bxb5 axb5 24.Ra8+ Kb7 25.Ra7+ Kb8 26.Rfa1 Bc8 27.Qxf7 Rd7 28.Qh5 Be5
29.Ra8+ Kc7 30.R1a7+ Bb7 31.Rxh8 Qd1+ 32.Qxd1 Rxd1+ 33.Bg1 Bd4 34.Rxb7+ Kxb7
35.Rxh7 Rxg1+ 36.Kh2 Rc1 37.Rh5 b4 38.Rd5 Bg1+ 39.Kg3 Rxc2 40.e5 Rc6 41.Rd1 Bc5  0-1

[Event "Latin Cup Final"]
[Site "Bogota"]
[Date "1991.??.??"]
[Round "4"]
[White "Zapata, Alonso"]
[Black "Sunye Neto, Jaime"]
[Result "1-0"]
[WhiteElo "2530"]
[BlackElo "2475"]

1.e4 c5 2.Nf3 e6 3.d4 cxd4 4.Nxd4 a6 5.Bd3 Bc5 6.Nb3 Ba7 7.Nc3 Nc6 8.Qe2 d6
9.Be3 Nf6 10.O-O-O b5 11.f4 b4 12.Na4 e5 13.f5 Bd7 14.Bc4 Qc7 15.g4 Bxe3+
16.Qxe3 Nd4 17.Nxd4 Bxa4 18.Bb3 Bxb3 19.Nxb3 Nxg4 20.Qd2 Rc8 21.Kb1 a5 22.Rhg1 Nf6
23.Qxd6 Qxd6 24.Rxd6 a4 25.Nd2 Ke7 26.Rb6 Rhd8 27.Nf3 Nxe4 28.Nxe5 Kf8 29.Rxb4 Nd2+
30.Kc1 Rc5 31.Re1 f6 32.Rb8 Rxb8 33.Nd7+ Kf7 34.Nxc5 Nf3 35.Rd1 a3 36.b3 Re8
37.Ne6 g6 38.Nd4 Nxd4 39.Rxd4 gxf5 40.Kd2 Rg8 41.b4 Rg1 42.Rd3 Rb1 43.Rb3 Rxb3
44.cxb3 Ke6 45.Ke3 Kd5 46.Kf4 Kc6 47.Kxf5 Kb5 48.Kxf6 Kxb4 49.Ke5 Kc3 50.b4 Kxb4
51.Kd4 h5 52.h4  1-0

[Event "Latin Cup"]
[Site "Bogota"]
[Date "1991.??.??"]
[Round "10"]
[White "Rios, Alejandro"]
[Black "Ruiz, Alciguel"]
[Result "1-0"]
[WhiteElo "2300"]
[BlackElo "2270"]

1.e4 c5 2.Nf3 e6 3.d4 cxd4 4.Nxd4 a6 5.Bd3 Nf6 6.Nc3 Qc7 7.a4 b6 8.O-O Bb7
9.Nb3 d6 10.Qe2 Be7 11.Bd2 O-O 12.Kh1 Nbd7 13.f4 g6 14.Nd4 Rfe8 15.Nf3 Bf8
16.Ng5 Bg7 17.Rae1 Nc5 18.b4 Nxd3 19.cxd3 Rac8 20.Rc1 Qe7 21.Qf2 h6 22.Nf3 Nd7
23.f5 g5 24.Nd4 Qf6 25.Nce2 Ne5 26.Rxc8 Rxc8 27.Qg3 d5 28.Kg1 Qe7 29.h4 gxh4
30.Qh3 dxe4 31.fxe6 fxe6 32.Nxe6 exd3 33.N2d4 Re8 34.Nxg7 Qxg7 35.Nf5 Qg6
36.Nxh4 Qg4 37.Qh2 h5 38.Nf5 Kh7 39.Ne3 Qg6 40.Qh3 Rg8 41.Rf5 Nf3+ 42.Rxf3 Bxf3
43.Qxf3 Rg7 44.Bc3 Rf7 45.Qa8 Kh6 46.Qh8+ Qh7 47.Qd4 Qg6 48.Nc4 Qf5 49.Qh8+  1-0

[Event "CSR-ch"]
[Site "Bratislava"]
[Date "1991.??.??"]
[Round "4"]
[White "Velicka, Petr"]
[Black "Plachetka, Jan"]
[Result "1/2-1/2"]
[WhiteElo "2335"]
[BlackElo "2425"]

1.e4 c5 2.Nf3 e6 3.d4 cxd4 4.Nxd4 a6 5.Bd3 Nf6 6.O-O d6 7.c4 g6 8.Qe2 Bg7
9.Nc3 O-O 10.Nf3 Nc6 11.Rd1 Qc7 12.Bf4 Nh5 13.Bd2 b6 14.Rac1 Bd7 15.Be3 Ne7
16.Qd2 Nc8 17.Be2 Nf6 18.Bf4 Bc6 19.e5 dxe5 20.Bxe5 Qb7 21.Qd4 Nh5 22.Bxg7 Nxg7
23.Ne5 Nf5 24.Qf4 Nce7 25.Nxc6 Nxc6 26.Bf3 Rac8 27.Ne4 Qe7 28.Nd6 Nxd6 29.Rxd6 e5
30.Qf6 Qxf6 31.Rxf6 Nb4 32.Rxb6 Nxa2 33.Ra1 Rxc4 34.Bd5 Rc1+ 35.Rxc1 Nxc1
36.Rxa6 Nd3 37.b3 Nb4 38.Rd6 Nxd5 39.Rxd5 Rb8 40.Rd3 f5 41.Kf1 Kf7 42.Ke2 Ke6  1/2-1/2

[Event "Brocco op"]
[Site "Brocco"]
[Date "1991.??.??"]
[Round "4"]
[White "Gallagher, Joseph G"]
[Black "Gheorghiu, Florin"]
[Result "1/2-1/2"]
[WhiteElo "2520"]
[BlackElo "2495"]

1.e4 c5 2.Nf3 e6 3.d4 cxd4 4.Nxd4 a6 5.Bd3 Nf6 6.O-O d6 7.c4 Be7 8.Nc3 O-O
9.Qe2 Nc6 10.Nxc6 bxc6 11.Rd1 Nd7 12.Be3 c5 13.f4 Qc7 14.Rac1 Bb7 15.Bb1 Nb8
16.Qh5 g6 17.Qh3 Re8 18.f5 Bf6 19.Bf4 Bd4+ 20.Kh1 Nd7 21.Ne2 Bxb2 22.Bxd6  1/2-1/2

[Event "Elekes mem"]
[Site "Budapest"]
[Date "1991.??.??"]
[Round "10"]
[White "Luther, Thomas"]
[Black "Farago, Ivan"]
[Result "0-1"]
[WhiteElo "2470"]
[BlackElo "2495"]

1.e4 c5 2.Nf3 e6 3.d4 cxd4 4.Nxd4 a6 5.Bd3 Nf6 6.O-O Qc7 7.Qe2 d6 8.c4 g6
9.Nc3 Bg7 10.Rd1 O-O 11.Nf3 Nc6 12.Bf4 e5 13.Bg5 Bg4 14.Rac1 Nd4 15.Qe3 Bxf3
16.gxf3 h6 17.Bxh6 Bxh6 18.Qxh6 Nxf3+ 19.Kg2 Nd4 20.Nd5 Qd8 21.Rg1 Nxd5 22.exd5 Qf6
23.Kf1 Qg7 24.Qe3 Rae8 25.Be4 Qh7 26.Qg5 Kg7 27.Rc3 Qh6 28.h4 Rh8 29.Rcg3 Qxg5
30.hxg5 Rc8 31.Rc3 Rh4 32.f3 a5 33.Kf2 b6 34.Rg2 Rh1 35.Kg3 Rch8 36.Kf2 Rd1
37.Rd3 Ra1 38.a3 Rh5 39.Rd2 Rh3 40.Rg3 Rhh1 41.Rg2 Rhf1+ 42.Kg3 Rac1 43.Kg4 Nf5
44.Bd3 Ne3+ 45.Kg3 Rh1  0-1

[Event "Statisztika"]
[Site "Budapest"]
[Date "1991.??.??"]
[Round "11"]
[White "Varga, Sandor"]
[Black "Izsak, Gyula"]
[Result "0-1"]
[WhiteElo "2205"]
[BlackElo "2285"]

1.e4 c5 2.Nf3 e6 3.d4 cxd4 4.Nxd4 a6 5.Bd3 Qc7 6.O-O Nf6 7.c4 Be7 8.Nc3 O-O
9.Bg5 d6 10.Qe2 Nbd7 11.Kh1 b6 12.f4 Bb7 13.Rae1 Rad8 14.Nf3 h6 15.Bh4 e5
16.Nd5 Nxd5 17.cxd5 Bxh4 18.Nxh4 b5 19.fxe5 Nxe5 20.Rc1 Qb6 21.Bb1 Bc8 22.b3 Bg4
23.Qf2 Qxf2 24.Rxf2 Rc8 25.Rfc2 g5 26.Rxc8 Rxc8 27.Rxc8+ Bxc8 28.Nf5 Bxf5
29.exf5 Kg7 30.Kg1 Nd7 31.Bd3 Nb6 32.a4 bxa4 33.bxa4 Nxa4 34.Bxa6 Kf6 35.g4 Ke5
36.Kf2 Nc3 37.Kf3 Nxd5  0-1

[Event "Budapest IM (Women)"]
[Site "Budapest"]
[Date "1991.??.??"]
[Round "11"]
[White "Grabics, Monika"]
[Black "Honfi, Karolyne"]
[Result "1-0"]
[WhiteElo "2115"]
[BlackElo "2095"]

1.e4 c5 2.Nf3 e6 3.d4 cxd4 4.Nxd4 a6 5.Bd3 Nf6 6.O-O d6 7.c4 Be7 8.Nc3 Qc7
9.b3 O-O 10.Bb2 Nbd7 11.Qe2 Re8 12.f4 Nc5 13.Bc2 e5 14.Nf5 Bxf5 15.exf5 exf4
16.Qf3 Rad8 17.Kh1 Qb8 18.Qxf4 b5 19.Qg3 bxc4 20.Nd5 Ncd7 21.Rae1 Ne5 22.Rxe5 dxe5
23.Bxe5 Bd6 24.Nxf6+ Kf8 25.Nd7+ Rxd7 26.Qxg7+  1-0

[Event "Buenos Aires op GPI"]
[Site "Buenos Aires"]
[Date "1991.??.??"]
[Round "3"]
[White "Zukerfeld, Andres"]
[Black "Giardelli, Sergio C"]
[Result "0-1"]
[WhiteElo "2245"]
[BlackElo "2435"]

1.e4 c5 2.Nf3 e6 3.d4 cxd4 4.Nxd4 a6 5.Bd3 Nf6 6.O-O d6 7.Nc3 g6 8.f4 Bg7
9.Nf3 Nc6 10.a4 O-O 11.Qe1 Nb4 12.Kh1 Nd7 13.Be3 Nc5 14.Rd1 b6 15.e5 Ncxd3
16.cxd3 dxe5 17.fxe5 Nc2 18.Qf2 Nxe3 19.Qxe3 Bb7 20.Ne4 Bxe4 21.dxe4 Qc7
22.Rc1 Qb7 23.Nd4 b5 24.a5 Rac8 25.Rxc8 Qxc8 26.Rc1 Qd8 27.Nf3 Qxa5 28.h4 h6
29.Qc5 Qa4 30.Qc6 Qb3 31.Qxa6 Qxb2 32.Rc5 b4 33.Qb7 Rd8 34.Kh2 Qf2 35.Qxb4 Rd3
36.Kh3 Kh7 37.Rc3 Bxe5  0-1

[Event "Buenos Aires Konex"]
[Site "Buenos Aires"]
[Date "1991.??.??"]
[Round "3"]
[White "Zukerfeld, Andres"]
[Black "Sunye Neto, Jaime"]
[Result "0-1"]
[WhiteElo "2245"]
[BlackElo "2475"]

1.e4 c5 2.Nf3 e6 3.d4 cxd4 4.Nxd4 a6 5.Bd3 Qc7 6.O-O Nf6 7.Qe2 d6 8.Nc3 Be7
9.f4 Nbd7 10.Nf3 e5 11.fxe5 Nxe5 12.Nxe5 dxe5 13.Bc4 Be6 14.Bb3 h6 15.Kh1 Bxb3
16.axb3 O-O 17.Rf3 Qc6 18.Bd2 b5 19.Raf1 b4 20.Rxf6 Bxf6 21.Nd5 Bd8 22.Bxb4 Rc8
23.c4 Rb8 24.Qf3 Qg6 25.Bd2 a5 26.Ra1 Rb7 27.g3 Bb6 28.Nxb6 Qxb6 29.Bxa5 Qxb3
30.Qxb3 Rxb3 31.Bc3 f6 32.Kg2 Rc8 33.Ra4 Rb7 34.Kf3 Rbc7 35.b3 Rd7 36.Ke3 Rcd8  0-1

[Event "Buenos Aires GP"]
[Site "Buenos Aires"]
[Date "1991.??.??"]
[Round "5"]
[White "Juarez, Alberto"]
[Black "Glavina, Pablo"]
[Result "0-1"]
[WhiteElo "2245"]
[BlackElo "2380"]

1.e4 c5 2.Nf3 e6 3.d4 cxd4 4.Nxd4 a6 5.Bd3 Bc5 6.Nb3 Ba7 7.Nc3 Nc6 8.O-O Nge7
9.Qe2 O-O 10.Be3 Bxe3 11.Qxe3 d5 12.exd5 exd5 13.Nd4 Nxd4 14.Qxd4 Be6 15.Qh4 Nf5
16.Qb4 Qd6 17.Qxd6 Nxd6 18.Ne2 Nc4 19.b3 Ne5 20.Nd4 Nxd3 21.cxd3 Rfc8 22.Rfc1 Kf8
23.Kf1 Ke7 24.Ke2 Kd6 25.f4 Bd7 26.Kd2 g6 27.Ne2 Bg4 28.Nd4 Rc5 29.Rxc5 Kxc5
30.Kc3 a5 31.a3 Bd7 32.Re1 Kd6 33.h3 f6 34.Re2 Rc8+ 35.Kd2 Kc5 36.Kc3 Kd6+
37.Kd2 b5 38.Re1 Rg8 39.h4 h6 40.b4 Ra8 41.g3 axb4 42.axb4 Ra3 43.Rb1 g5
44.hxg5 hxg5 45.fxg5 fxg5 46.Nc2 Ra8 47.Nd4 Rh8 48.Ke3 Rh3 49.Rg1 Rh2 50.Nf3 Rb2
51.Nxg5 Rxb4 52.Nf3 Rg4 53.Nd4 Rg8 54.Nb3 b4 55.d4 Re8+ 56.Kd2 Bg4 57.Re1 Rf8
58.Re3 Rf2+ 59.Kc1 Kc6 60.Nc5 Kb5 61.Nd3 Rh2 62.Ne5 Bf5 63.Rf3 Be4 64.Rf8 b3
65.Rb8+ Ka4 66.Nc6 Rc2+  0-1